书目信息 |
| 题名: |
新时代农业规划设计
|
|
| 作者: | 王树进 , 耿献辉 著 | |
| 分册: | ||
| 出版信息: | 北京 经济管理出版社 2020. |
|
| 页数: | 320页 | |
| 开本: | 26cm | |
| 丛书名: | ||
| 单 册: | ||
| 中图分类: | F322 | |
| 科图分类: | ||
| 主题词: | 农业发展规划--nong ye fa zhan gui hua--中国 | |
| 电子资源: | ||
| ISBN: | 978-7-5096-7499-4 | |
| 000 | 01382nam0 2200265 450 | |
| 001 | 2157982358 | |
| 005 | 20211011172911.0 | |
| 010 | @a978-7-5096-7499-4@dCNY98.00 | |
| 100 | @a20210201d2020 em y0chiy0120 ea | |
| 101 | 0 | @achi |
| 102 | @aCN@b110000 | |
| 105 | @aa z 000yy | |
| 106 | @ar | |
| 200 | 1 | @a新时代农业规划设计@Axin shi dai nong ye gui hua she ji@dAgricultural planning & design in the new era@f王树进,耿献辉著@zeng |
| 210 | @a北京@c经济管理出版社@d2020. | |
| 215 | @a320页@c图@d26cm | |
| 300 | @a南京农业大学“中央高校基本科研业务费人文社科基金专著出版资助项目” 江苏省社会科学基金重大项目“江苏建立健全城乡融合发展的体制机制与政策体系研究” | |
| 330 | @a本书阐述了新时代农业规划设计的先进理念和方法,并提供了有关的典型案例和进步研究的线索。除了介绍农业基础设施规划设计要点之外,还重点讨论了如何在具体项目的规划设计中体现衣业产业链延伸、农业功能拓展、农村产业融合发展的时代需求;尤其是梳理了从国家现代农业示范区到国家现代农业产业园的政策演化脉络,以及各类农业园区的政策背景和建设要求。通过本书,不难感悟新时代农业农村发展的目标、路径和农业规划设计的基本思想。 | |
| 510 | 1 | @aAgricultural planning & design in the new era@zeng |
| 606 | 0 | @a农业发展规划@Anong ye fa zhan gui hua@y中国 |
| 690 | @aF322@v5 | |
| 701 | 0 | @a王树进@Awang shu jin@4著 |
| 701 | 0 | @a耿献辉@Ageng xian hui@4著 |
| 801 | 0 | @aCN@b百万庄@c20211006 |
| 905 | @b1305845-48@dF322@e205@f4 | |
| 新时代农业规划设计=Agricultural planning & design in the new era/王树进,耿献辉著.-北京:经济管理出版社,2020. |
| 320页:图;26cm |
| 南京农业大学“中央高校基本科研业务费人文社科基金专著出版资助项目” 江苏省社会科学基金重大项目“江苏建立健全城乡融合发展的体制机制与政策体系研究” |
| ISBN 978-7-5096-7499-4:CNY98.00 |
| 本书阐述了新时代农业规划设计的先进理念和方法,并提供了有关的典型案例和进步研究的线索。除了介绍农业基础设施规划设计要点之外,还重点讨论了如何在具体项目的规划设计中体现衣业产业链延伸、农业功能拓展、农村产业融合发展的时代需求;尤其是梳理了从国家现代农业示范区到国家现代农业产业园的政策演化脉络,以及各类农业园区的政策背景和建设要求。通过本书,不难感悟新时代农业农村发展的目标、路径和农业规划设计的基本思想。 |
| ● |
| 相关链接 |
|
|
|
|
正题名:新时代农业规划设计
索取号:F322/205
 
预约/预借
| 序号 | 登录号 | 条形码 | 馆藏地/架位号 | 状态 | 备注 |
| 1 | 1305845 | 213058457 | 第一样本阅览室/ [索取号:F322/205] | 在馆 | |
| 2 | 1305846 | 213058466 | 第一借阅区/ [索取号:F322/205] | 在馆 | |
| 3 | 1305847 | 213058475 | 第一借阅区/ [索取号:F322/205] | 在馆 | |
| 4 | 1305848 | 213058484 | 第一借阅区/ [索取号:F322/205] | 在馆 |